El legado de Gadamer
Saved in:
| Andre forfattere: | , , , , |
|---|---|
| Format: | Bog |
| Sprog: | spansk |
| Udgivet: |
Granada
Universidad de Granada
2004
|
| Serier: | Biblioteca de Humanidades, Filosofía y Pensamiento, 5
|
| Fag: | |
| Tags: |
Tilføj Tag
Ingen Tags, Vær først til at tagge denne postø!
|
MARC
| LEADER | 00000cam a2200000 a 4500 | ||
|---|---|---|---|
| 001 | UCK9803 | ||
| 003 | CL-VaPUC | ||
| 005 | 20220822172128.0 | ||
| 008 | 060531e20040000SP |||||||||||||||||spa|d | ||
| 999 | |c 316864 |d 316862 | ||
| 020 | |a 8433831984 | ||
| 040 | |c Pontificia Universidad Católica de Valparaíso | ||
| 082 | 0 | 4 | |a 121.8 |b ACE |2 21 |
| 100 | 1 | |a Acero Fernández, Juan José |e editor |9 875768 | |
| 245 | 1 | 3 | |a El legado de Gadamer |
| 260 | |a Granada |b Universidad de Granada |c 2004 | ||
| 300 | |a 552 p | ||
| 490 | 0 | |a Biblioteca de Humanidades, Filosofía y Pensamiento, 5 | |
| 583 | |a last modification |c 20190618 11:22:02 |k Rodrigo Vera | ||
| 650 | 0 | |a Hermenéutica |9 269473 | |
| 650 | 0 | |a Estética |9 264950 | |
| 700 | |a Nicolás Marín, Juan Antonio |e editor |9 875769 | ||
| 700 | 0 | |a Tapias, José Antonio Pérez |e editor |9 875773 | |
| 700 | 0 | |a Sáez Rueda, Luis |e editor |9 875774 | |
| 700 | 0 | |a Zúñiga García, José Francisco |e editor |9 875775 | |
| 942 | |c BK |2 ddc | ||
| 945 | |d 20060531 00:00:00 |a jtorresc | ||
| 952 | |0 0 |1 0 |4 0 |6 121_800000000000000_ACE_2004 |7 0 |8 A |9 392398 |a BIBEDU |b BIBEDU |d 2019-11-22 |i 4237803 |l 1 |o 121.8 ACE 2004 |p 4237803 |r 2023-09-09 |s 2023-08-25 |w 2019-11-22 |y BK |k FIL | ||
| 952 | |0 0 |1 0 |3 erb |4 0 |6 121_800000000000000_ACE_2004 |7 0 |8 A |9 392399 |a BIBEDU |b BIBEDU |i 5036615 |l 4 |m 1 |o 121.8 ACE 2004 |p 5036615 |q 2024-08-02 |r 2024-07-03 |s 2024-07-03 |w 2019-11-22 |y BK |z Catalogado en:20131220 |k FIL | ||
| 952 | |0 0 |1 0 |3 erb |4 0 |6 121_800000000000000_ACE_2004 |7 0 |8 A |9 392400 |a BIBEDU |b BIBEDU |i 507827K |l 2 |o 121.8 ACE 2004 |p 507827K |r 2023-12-04 |s 2023-12-01 |w 2019-11-22 |y BK |z Catalogado en:20140526 |k FIL | ||